| 000 | 00435nam a2200145 i 4500 | ||
|---|---|---|---|
| 001 | 99585 | ||
| 003 | ES-MaACL | ||
| 007 | t| | ||
| 008 | 050913s1927 sp ||||1| spa d | ||
| 100 | 1 |
_aMartínez Blanco, Antonio. _977892 |
|
| 245 | 1 | 0 |
_aElementos de legislación y administración forestales / _cpor Antonio Martínez Blanco. |
| 260 |
_aMadrid : _bReus, _c1927. |
||
| 300 |
_a159 p. ; _c23 cm. |
||
| 852 |
_aES-MaACL _jB-9138 _bR.18724 |
||
| 999 |
_c99585 _d99585 |
||